000 00206 a2200097 4500
001 4872
100 _apRICE,w.j
245 _aNuclear radiation detection
260 _a
_bMcgrawhill
_c
090 _c4063
_d4063
942 _aNUST-CAE
_cM
_c30338
999 _c239945
_d239945